000 01347nam a2200325 a 4500
001 ebr10680780
003 CaPaEBR
006 m u
007 cr cn|||||||||
008 130409s2013 enka s 001 0 eng d
020 _z9781119940401
020 _z9781119943846 (e-book)
040 _aCaPaEBR
_cCaPaEBR
035 _a(OCoLC)847621274
050 1 4 _aQA76.9.H84
_bG74 2013eb
082 0 4 _a658.4036
_223
100 1 _aGrier, David Alan.
245 1 0 _aCrowdsourcing for dummies
_h[electronic resource] /
_cby David Alan Grier.
260 _aChichester [England] :
_bWiley,
_c2013.
300 _axiv, 364 p. :
_bill.
490 1 _a--for dummies
500 _aIncludes index.
505 0 _apt. 1. Understanding crowdsourcing basics -- pt. 2. Looking at the different forms of crowdsourcing -- pt. 3. Building skill -- pt. 4. Getting all you can get from the crowd -- pt. 5. The part of tens.
533 _aElectronic reproduction.
_bPalo Alto, Calif. :
_cebrary,
_d2013.
_nAvailable via World Wide Web.
_nAccess may be limited to ebrary affiliated libraries.
650 0 _aHuman computation.
655 7 _aElectronic books.
_2local
710 2 _aebrary, Inc.
830 0 _a--For dummies.
856 4 0 _uhttp://site.ebrary.com/lib/rucke/Doc?id=10680780
_zAn electronic book accessible through the World Wide Web; click to view
999 _c156377
_d156377